Pokémon masters - les duos - Statistiques

Statistiques générales
  • Ce quiz a été pris 24 fois
  • Le résultat moyen est 132 sur 254
Statistiques - réponses
Hint Réponse % Correct
Pierre Onix
100%
Erika Rafflesia
91%
Major bob Raichu
91%
Till Raichu d'alola
91%
Ondine Staross
91%
Agatha | Alistar Ectoplasma
82%
Lona | Olga Lokhlass
82%
Alda Mackogneur
82%
Atalante Altaria
73%
Ondine (ultime) Aquali
73%
Blue | Viviane Arcanin
73%
Brice Arcko
73%
Céleste (ultime) Célébi
73%
Adriane Chartor
73%
Marion Démolosse
73%
Amaryllis | Aragon Drattak
73%
Blanche Ecremeuh
73%
Leaf (ultime) Florizarre
73%
Célesta Germignon
73%
Zhu Hexagel
73%
Mortimer (ultime) | Silver Ho-oh
73%
Sandra Hyporoi
73%
Christy Kaiminus
73%
Carolina Lakmécygne
73%
Luth (ultime) Lugia
73%
Norman Monaflemit
73%
Erika (ultime) Phyllali
73%
Ondine (maillot) Psykokwak
73%
Flo Roserade
73%
Tatia Séléroc
73%
Lévy Solaroc
73%
Jasmine Steelix
73%
Roxanne Tarinor
73%
Spectra Teraclope
73%
René Tiplouf
73%
Iris Tranchodon
73%
Echo Vipélierre
73%
Morgane Alakazam
64%
Courtney Camérupt
64%
Cynthia Carchacrok
64%
Red (ultime) | Tarak Dracaufeu
64%
Timmy Gallame
64%
Dianthéa | Timmy (ultime) Gardevoir
64%
Flora Gobou
64%
Max Groudon
64%
Luth Héricendre
64%
Hector Insécateur
64%
Arthur Kyogre
64%
Sara Leuphorie
64%
Peter (saison 2021) Léviator
64%
Cornélia | Cynthia (ultime 3) Lucario
64%
Bastien Makuhita
64%
Pierre Rochard Métalosse
64%
Jeannine Migalos
64%
Marc Milobellus
64%
Blue Noadkoko
64%
Cléa | Damien | Marion Noctali
64%
Jeannine | Koga Nostenfer
64%
Valériane Nymphali
64%
Red (ultime 2) | Sacha Pikachu
64%
Auguste Ponyta
64%
Red Ronflex
64%
Adrien Simiabraz
64%
James Smogogo
64%
Carolina (saison 2020) Togekiss
64%
Aurore Tortipouss
64%
Pierre (ultime) Tyranocif
64%
Major bob Voltorbe
64%
Silver Aligatueur
55%
Aaron Apireine
55%
Jessie Arbok
55%
Cardus Archéodong
55%
Bardane Batracné
55%
Gladys Blizzaroi
55%
Carolina (anniversaire 2022) Boréas
55%
Amaro Boustiflor
55%
Mortimer (saison 2021) Branette
55%
Flora (ultime) Braségali
55%
Platane Bulbizarre
55%
Hector Dardargnan
55%
Hélio (ultime) Darkrai
55%
Pierre Rochard (ultime) Deoxys
55%
Louka Dialga
55%
Peter Dracolosse
55%
Tanguy (saison 2022) Elekable
55%
Inezia (classique) Emolga
55%
Vesper Entei
55%
Serena Feunnec
55%
Cynthia (ultime 2) Giratina
55%
Ludvina Gruikui
55%
Albert Héledelle
55%
Terry Hippodocus
55%
Pierrick Kranidos
55%
Brice (ultime) Latios
55%
Pieris Léopardus
55%
Anis Lugulabre
55%
Kiméra | Mortimer Magirêve
55%
Lem Magnéton
55%
Tcheren Mastouffe
55%
Mélina Meditikka
55%
Chen Mew
55%
Giovani Mewtwo
55%
Gladys Momartik
55%
Ludwig Moustillon
55%
Bianca Mushana
55%
Lovis Mustéflott
55%
Giovanni (ultime) Nidoking
55%
Glacia Oniglali
55%
Kiawe Ossatueur d'alola
55%
Frédo Otaria
55%
Hélio Palkia
55%
Giovanni (classique) Persian
55%
Danh Persian d'alola
55%
Blue (classique) Ptéra
55%
Amaryllis | Pierre Rochard (anniversaire 2021) Rayquaza
55%
N (anniversaire 2021) Reshiram
55%
Pieris (kimono) Scalproie
55%
Strykna Scobolide
55%
Pieris (ultime) Sharpedo
55%
Héléna (mystimaniac) Spectrum
55%
Percila Symbios
55%
Blue (ultime) Tortank
55%
Iris (maître) Trioxhydre
55%
Cynthia Tritosor
55%
Clément Xatu
55%
Platane Xerneas
55%
Lysandre Yveltal
55%
Gloria Zacian
55%
Nabil Zamazenta
55%
Inezia Zéblitz
55%
N Zekrom
55%
Serena (ultime) Zygarde
55%
Lino Amagara
45%
Kunz Bétochef
45%
Paulie Bourrinos
45%
Pectorius Crabominable
45%
Beladonis Cradopaud
45%
Aurore (ultime) Cresselia
45%
Nix Démétéros
45%
Ludvina (spécial) Diancie
45%
Roy Duralugon
45%
Tarak (ultime) Ethernatos
45%
Parsley Etouraptor
45%
Leaf Evoli
45%
Thyméo Exagide
45%
Royal Mask Felinferno
45%
Narcisse Gamblast
45%
Roy Gigalithe
45%
Alexis Hoopa
45%
Lem Iguolta
45%
Peterson Ixon
45%
Dianthéa (spécial) Keldeo
45%
Ludvina (saison 2022) Krakos
45%
Flora (anniversaire 2022) Latias
45%
Roy (anniversaire 2022) Libégon
45%
Alyxia | Euphorbe Lougaroc
45%
Lilie (anniversaire 2021) Lunala
45%
Apocyne Malamandre
45%
Iris (saison 2022) Mandrillon
45%
Artie Manternel
45%
Cornélia (ultime) Marshadow
45%
Chammal Minotaupe
45%
Rosemary Morpeko
45%
Faïza Palarticho
45%
Goyah Pyrax
45%
Blue Roucarnage
45%
Erika Saquedeneu
45%
Guzma Sarmuraï
45%
Echo (spécial) Shaymin
45%
Barbara | Sonya (spécial) Sucreine
45%
Christy (ultime) Suicune
45%
Néphie Tarenbulle
45%
Percila (saison 2021) Ténéfix
45%
Donna Torgamord
45%
Sonya Voltoutou
45%
N (saison 2022) Zoroark
45%
Rosemary (saison 2021) Angoliath
36%
Alistair (saison 2022) Banshitrouye
36%
Kahili Bazoucan
36%
Alizée Békipan
36%
Selene Brindibou
36%
Elsa-Mina Cancrelove
36%
Rosemary Coatox
36%
N Cryptéro
36%
Victor Gorythmic
36%
Ludwig (saison 2020) Grahyèna
36%
Oléa Granbull
36%
Mortimer Grodrive
36%
Chrys Grolem d'alola
36%
Mélis Gueriaigle
36%
Erika (saison 2020) | Lilie Guérilande
36%
Chamsin (spécial) Lançargot
36%
Gloria (saison 2021) Lézargus
36%
Chammal (spécial) Limaspeed
36%
Tanguy Luxray
36%
Margie (saison 2020) Mimiqui
36%
Chaz Monthracite
36%
Inezia (ultime) Motisma
36%
Guzma (spécial) Mouscoto
36%
Rosemary (saison 2022) Mysdibule
36%
Elsa-Mina (ultime) Necrozma
36%
Elio Otaquin
36%
Lilie (saison 2021) Rubombelle
36%
Urup Séracrawl
36%
Charline Seviper
36%
Gloria (dojo) Shifours
36%
Gladio Silvallié
36%
Faïza (saison 2022) Sorbouboul
36%
Travis Sorcilence
36%
Chrys Togedemaru
36%
Artie (saison 2021) Togepi
36%
Flora Wailmer
36%
Chamsin Aéroptéryx
27%
Violette Arakdo
27%
Elvis Corboss
27%
Lucio Girafarig
27%
Echo Mateloutre
27%
Amana Megapagos
27%
Lilie Mélofée
27%
Lilie (spécial) Polthégeist
27%
Kalem Psystigri
27%
Ninna (vacancière) Sablaireau
27%
Pierre Rochard (saison 2020) Sablaireau d'alola
27%
Tarak (saison 2021) Sylveroy
27%
Margie Trépassable
27%
Molène Triopikeur d'alola
27%
Jasmine (spécial) Bamboiselle
18%
Donna (saison 2021) Bekaglaçon
18%
Echo (saison 2019) Cadoizo
18%
Aurore (saison 2021) Charmilly
18%
Cynthia (ultime) Ekaïser
18%
Serena (saison 2021) Farfaduvet
18%
Morgane (saison 2022) Korillon
18%
Flora (saison 2021) Lockpin
18%
Narcisse (saison 2019) Octillery
18%
Céleste (saison 2020) Rondoudou
18%
Sam Scarabrute
18%
Aucun quiz correspondant
Distribution des résultats
% des personnes avec chaque résultat
Percentile par nombre de réponses
Votre historique - résultats
Vous n’avez pas pris ce quiz